Komputerowa symulacja rozkładu temperatury w obiekcie podczas nagniatania tocznego z elektrokontaktowym nagrzewaniem = (Rekord nr 7175)
| 000 -ETYKIETA REKORDU | |
|---|---|
| podpole kontrolne o stałej długości | 01816naa a22002537a 4500 |
| 003 - IDENTYFIKATOR NUMERU KONTROLNEGO REKORDU | |
| podpole kontrolne | BPK |
| 005 - DATA OSTATNIEJ MODYFIKACJI REKORDU | |
| podpole kontrolne | 20190610114327.0 |
| 008 - POLE O STAŁEJ DŁUGOŚCI - DANE KONTROLNE | |
| podpole kontrolne o stałej długości | 141015b1995 pl a|||| |||| 10| 0 pol |
| 040 ## - ŹRÓDŁO KATALOGOWANIA | |
| Instytucja, która utworzyła rekord | BPP |
| 041 ## - KOD JĘZYKA | |
| Kod języka tekstu | pol |
| Kod języka streszczenia lub abstraktu | eng |
| 044 ## - KOD KRAJU WYDAWCY/PRODUCENTA | |
| Kod kraju wydawcy/producenta | POL |
| 080 ## - UNIWERSALNA KLASYFIKACJA DZIESIĘTNA - UKD | |
| UKD | 621.791/.795 |
| 100 ## - NAZWA OSOBOWA | |
| Nazwa osobowa | KUKIEŁKA, Leon. |
| Lata pracy | 1974 - 1996. |
| Instytucja | Wyższa Szkoła Inżynierska w Koszalinie - Wydział Mechaniczny, |
| Wydział | Katedra Maszyn Roboczych |
| 245 ## - TYTUŁ/ODPOWIEDZIALNOŚĆ | |
| Tytuł | Komputerowa symulacja rozkładu temperatury w obiekcie podczas nagniatania tocznego z elektrokontaktowym nagrzewaniem = |
| Ciąg dalszy tytułu | Using computer for simulation of temperature field in the object during the burnishing rolling process with electric current / |
| Pozostałe elementy strefy tytułu i oznaczenia odpowiedzialności | Leon Kukiełka. |
| 260 ## - STREFA ADRESU WYDAWNICZEGO | |
| Data publikacji, dystrybucji/powstania dokumentu | 1995. |
| 500 ## - UWAGI OGÓLNE | |
| Tekst uwagi | Dane z autopsji. |
| 520 ## - UWAGA DOTYCZĄCA TREŚCI DOKUMENTU | |
| Analiza dokumentacyjna, adnotacja itp. | W pracy opisano cieplny proces nagniatania tocznego z elektrokontaktowym nagrzewaniem. Przedstawiono model matematyczny przepływu ciepła w obiekcie podczas obróbki. Omówiono sposób przybliżonego rozwiązania zadania określania rozkładu pól temperatur. Podano wariacyjne sformułowanie równania przepływu ciepła oraz algorytm jego rozwiązania i przykładowe wyniki obliczeń numerycznych. |
| 650 #0 - HASŁO PRZEDMIOTOWE W FORMIE NAZWY OGÓLNEJ LUB JEDNOSTKOWEJ | |
| Nazwa ogólna lub geograficzna | Nagniatanie. |
| 655 #0 - TERMIN INDEKSOWY - OKREŚLENIE RODZAJU/FORMY DOKUMENTU | |
| Określnie rodzaju/formy dokumentu | Materiały konferencyjne. |
| 650 #0 - HASŁO PRZEDMIOTOWE W FORMIE NAZWY OGÓLNEJ LUB JEDNOSTKOWEJ | |
| Nazwa ogólna lub geograficzna | Inżynieria powierzchni |
| 773 ## - TYTUŁ DOKUMENTU MACIERZYSTEGO | |
| Wyrażenie wprowadzające | W : |
| Tytuł | TPP'95. Projektowanie procesów technologicznych = Technological process planning : Konferencja Naukowo-Techniczna zorganizaoana z okazji 75 lecia Wydziału Budowy Maszyn Politechniki Poznańskiej oraz Polskiego Wyższego Szkolnictwa Technicznego w Poznaniu : zbiór prac. - : |
| Adres wydawniczy | Poznań : Wydaw. Politechniki Poznańskiej, 1995. - |
| Informacje dotyczące relacji | s. 89-94 |
| 711 ## - HASŁO DODATKOWE - NAZWA IMPREZY | |
| Nazwa imprezy | Konferencja Naukowo-Techniczna "Projektowanie procesów technologicznych" TPP'95 |
| Oznaczenie części/sekcji dzieła | (4 ; |
| Data imprezy | 1995 ; |
| Miejsce imprezy | Poznań / Czerniejewo, Polska). |
| Nazwa części/sekcji dzieła | TPP'95 |
| 942 ## - HASŁO DODATKOWE - ELEMENTY(KOHA) | |
| Typ dokumentu | Artykuł |
| Schemat klasyfikacji | Uniwersalna klasyfikacja dziesiętna |
| Wycofany | Zagubiony | Uszkodzony | Dostępność | Lokalizacja stała | Lokalizacja bieżąca | Sygnatura | Typ dokumentu |
|---|---|---|---|---|---|---|---|
| Dostępny | Bibliografia Prac Pracowników - BPK | Bibliografia Prac Pracowników - BPK | 104284 | Artykuł |
